Responses for show #667 - Tuesday, June 30, 1987

Doug Molitor game 3.

Contestants

[<< previous game]

Neil Brockman, a lawyer originally from Brooklyn, New York

Carol Miller, a sales manager from Herndon, Virginia

Doug Molitor, a writer from Brentwood, California (whose 2-day cash winnings total $19,901)

[next game >>]

Jeopardy! Round responses

START AT THE "TOP"
THE MIDDLE EAST
THE MIDWEST
(Alex: Hey, we're on a roll with...)
THE MIDDLE AGES
MIDDLE NAMES
BOTTOMS UP
    $100 1
Topper

Neil
    $100 2
oil

Carol
    $100 26
(Alex: Yes, he was known as "Johnny Appleseed".)

apple trees

Carol
    $100 10
(Neil: What is Rome?)
(Alex: No...Be more specific.)
(Neil: What is [*]?)

the western half of the Roman Empire

Neil
    $100 17
Alan Jay Lerner

Carol
    $100 3
vodka

Neil
    $200 6
the topless bathing suit

Doug
    $200 4
the Iran-Iraq War

Neil
    $200 27
North Dakota

Doug
    $200 11
troubadours

Carol
    $200 18
U.S.

Neil
    $200 12
18

Neil
    $300 7
Top of the World

Neil
    $300 5
snow

Doug
    $1,500 28
The Music Man

Doug
    $300 13
king

Neil
    $300 20
Michael

Doug
    $300 23
(Carol: What is Michelob?)

Bud

Carol
Triple Stumper
    $400 16
top drawer

Neil
    $400 8
Lebanon

Neil
    $400 14
Charlemagne

Doug
    $400 21
Ross

Doug
    $400 24
sloe gin

Triple Stumper
    $500 19
topical

Neil
    $500 9
Faisal

Neil
    $500 15
(Doug: Who is Thomas Aquinas?)

Roger Bacon

Doug
Triple Stumper
    $500 22
Robert Francis Kennedy

Carol
    $500 25
vermouth

Doug

Scores at the first commercial break (after clue 15):

Doug Carol Neil
$400 $300 $2,200

Scores at the end of the Jeopardy! Round:

Doug Carol Neil
$3,300 $700 $3,300

Double Jeopardy! Round responses

PRESIDENTIAL TRIVIA
BOOKS & AUTHORS
ROYAL LONDON
SPORTS
SPIRITUAL SONGS
(Alex: Finally, words created by Variety, called...)
SHOW BIZ LINGO
    $200 1
Ireland

Neil
    $200 22
[Note: John Bartlett.]

quotations

Doug
    $200 16
Buckingham Palace

Doug
    $200 6
(Alex: He wears button-down oxfords, apparently.)

bullfighting

Neil
    $200 21
(Neil: What are my sorrows?)
...
[Originally counted incorrect, Neil's response of "my sorrows" is judged acceptable just before Final Jeopardy! is played.]

Nobody knows the trouble I've seen

CarolNeil
    $200 9
a drive-in

Doug
    $400 2
Teddy Roosevelt

Doug
    $400 23
Henry Fielding

Doug
    $400 17
the Tower of London

Doug
    $400 7
a foot fault

Neil
    $400 27
Get on board

Neil
    $400 10
New York

Doug
    $1,000 3
James K. Polk

Doug
    $600 24
a Babbitt

Neil
    $600 18
(Neil: What is Westminster Abbey?)

St. Paul's

DougNeil
    $600 8
fishing

Doug
    $600 28
"Bless This House"

Triple Stumper
    $600 11
songs

Doug
    $800 4
Eisenhower

Neil
    $800 25
(Doug: Who is Neil Armstrong?)

Buzz Aldrin

DougNeil
    $800 19
Charles I

Neil
    $800 14
(Alex: The same term in tennis, what is a [*]?)

volley

Triple Stumper
    $800 29
Let it begin with me

Doug
    $1,500 12
hyperbole

Doug
    $1000 5
(Doug: Who is John Tyler?)

Andrew Jackson

DougNeil
    $1000 26
Billy Budd

Neil
    $1000 20
the Victoria & Albert Museum

Triple Stumper
    $1000 15
kendo

Triple Stumper
    $1000 30
(Neil: What is "Amazing Grace"?)

"Lift Every Voice And Sing"

Neil
Triple Stumper
    $1000 13
a blockbuster

Neil

Scores at the end of the Double Jeopardy! Round:

Doug Carol Neil
$8,800 $900 $9,100

[wagering suggestions for these scores]

Final Jeopardy! Round responses

ORGANIZATIONS
[Doug's response is very sloppily written, so he read's it out loud. Alex is able to find an "L" and the "Assn." and counts him correct.]
CarolWhat is the March of Dimes?
$0
DougWhat is the Amer. Lung Assn.
$8,800
NeilWhat is UNICEF?
$8,500
American Lung Association

Final scores:

Doug Carol Neil
$17,600 $900 $600
3-day champion: $37,501 2nd place 3rd place

Game dynamics:

Coryat scores:

Doug Carol Neil
$6,500 $900 $9,100
21 R
(including 3 DDs),
3 W
6 R,
1 W
24 R,
2 W

Combined Coryat: $16,500

The J! Archive is created by fans, for fans. The Jeopardy! game show and all elements thereof, including but not limited to copyright and trademark thereto, are the property of Jeopardy Productions, Inc. and are protected under law. This website is not affiliated with, sponsored by, or operated by Jeopardy Productions, Inc. Join the discussion at JBoard.tv.